The American Corporation / Its Power, Its Money, Its Politics (Record no. 858)
[ view plain ]
| 000 -LEADER | |
|---|---|
| fixed length control field | 01423cam a22001934a 4500 |
| 005 - ΗΜΕΡΟΜΗΝΙΑ ΚΑΙ ΩΡΑ ΤΕΛΕΥΤΑΙΑΣ ΕΝΗΜΕΡΩΣΗΣ | |
| Πεδίο ελέγχου | 20250605163948.0 |
| 008 - FIXED-LENGTH DATA ELEMENTS--GENERAL INFORMATION | |
| Πεδίο ελέγχου σταθερού μήκους | 250528s ||||||||||||||||||||||||d |
| 035 ## - SYSTEM CONTROL NUMBER | |
| System control number | 15265 |
| 020 ## - ISBN | |
| ISBN | 7793749 |
| 040 ## - ΠΗΓΗ ΚΑΤΑΛΟΓΟΓΡΑΦΗΣΗΣ | |
| Φορέας πρωτότυπης καταλογογράφησης | MC Athens Campus Library |
| Γλώσσα καταλογογράφησης | Ελληνικά, Μοντέρνα (1453-) |
| Modifying agency | MC Athens Campus Library |
| Κανόνες περιγραφικής καταλογογράφησης | AACR2 |
| 245 1# - ΤΙΤΛΟΣ ΚΑΙ ΔΗΛΩΣΗ ΥΠΕΥΘΥΝΟΤΗΤΑΣ | |
| Τίτλος | The American Corporation / Its Power, Its Money, Its Politics |
| 260 ## - PUBLICATION, DISTRIBUTION, ETC. | |
| Name of publisher, distributor, etc. | E.P. Dutton & Co., Inc, |
| Date of publication, distribution, etc. | 1970 |
| 300 ## - PHYSICAL DESCRIPTION | |
| Extent | 312 |
| 520 ## - SUMMARY, ETC. | |
| Summary, etc. | This book is vital reading for those who want to be aware of the challenges our democratic system will face in the 1970's. Introduction, Politics and the New Worlds of Business, The New Faces of Corporate America, The Corporate Goliaths, The Industrial Octopi, Who Controls Corporate America?, The New Business Constituency, The Postindustrial State, Business and Higher Education: The Emerging Alliance, Business's New Economic-Technological Environment, The Economic Prospect, The Scientific Explosion, Industry and the Technological Revolution, Science and Business and the New Economy, The New Partnership, The Role of Anti Trust, The Evolving Coalition, Business and the Urban Crisis, The Internationalization of Business, Business and the Emerging World Economy, The Internationalization of Business, The Political Dimensions of Corporate Supranationalism, Conclusion, Business and Government and the Public, Index. |
| 700 1# - ΠΡΟΣΘΕΤΗ ΑΝΑΓΡΑΦΗ--ΦΥΣΙΚΟ ΠΡΟΣΩΠΟ | |
| Personal name | Barber J. Richard |
| 9 (RLIN) | 1159 |
| 942 ## - ADDED ENTRY ELEMENTS (KOHA) | |
| Koha item type | Books |
| Τύπος τεκμηρίου | Βιβλιοθήκη | Τρέχουσα τοποθεσία | Barcode | Αριθμός εισαγωγής | Ημερομηνία απόκτησης | Ταξιθετικό σύμβολο | Αριθμός αντιτύπου | Κατάσταση απόσυρσης | Κατάσταση χαμένου | Κατάσταση κατεστραμμένου | Μη δανεισμός | Σύνολο δανεισμών | Ημερομηνία τελευταίας εμφάνισης | Η τιμή ισχύει από |
|---|---|---|---|---|---|---|---|---|---|---|---|---|---|---|
| Books | MC Athens Campus Library | MC Athens Campus Library | 9780000008572 | 1509 | 05/06/2025 | 658.1/145/0973 BAR | 1 | 05/06/2025 | 05/06/2025 |